000 01047nam a2200289 i 4500
003 DO-SdBNP
005 20260302133500.0
007 ta
008 260302b2002 dr ||||| |||| 00| 0 spa d
040 _aDO-SdBNP
_bspa
_cBNPHU
_erda
041 _aspa
082 4 _axxx
_bH557c
_222
100 _aHernández Edgar Mejía,
_eautor
_916544
_4aut.
245 1 0 _aCriminología y práctica penal /
_cEdgar Hernández Mejía ; prólogo, Hugo Álvarez Valencia.
264 4 _aSanto Domingo, República Dominicana :
_bAmigo del Hogar,
_c©2002.
300 _a173 páginas ;
_c22 cm.
336 _atexto
_btxt
_2rdacontent
337 _asin mediación
_bn
_2rdamedia
338 _avolumen
_bnc
_2rdacarrier
500 _aIncluye datos biográficos del autor en la solapa de la cubierta
500 _aIncluye referencias bibliográficas y notas al pie de las páginas
505 _aBibliografía: páginas 171-173
590 _aInventariado, 2026 /LP
700 1 _aÁlvarez Valencia, Hugo,
_eprologuista
_4pr.
_989106
910 _aLP
942 _2ddc
_cLBS1
999 _c60406
_d60406